Movies Quiz

Random Movies or Oscar Quiz

Films with 7+ Oscar Nominations, No Wins Quiz Stats

Quiz not verified by Sporcle

Challenge
Share
Tweet
Embed
Score 0/33 Timer 10:00
0 Plays Today
Oscar Nominations Film % Correct
11The Color Purple
72.1%
10True Grit
54.9%
11The Turning Point
54.1%
10Gangs of New York
46.7%
7The Shawshank Redemption
41.8%
7Star!
38.5%
8The Elephant Man
31.1%
7The Godfather, Part III
29.5%
7The Thin Red Line
29.5%
8The Remains of the Day
27%
7In the Name of the Father
25.4%
7Seabiscuit
25.4%
9Peyton Place
21.3%
7Broadcast News
20.5%
7The Prince of Tides
18%
7Double Indemnity
17.2%
8Ragtime
16.4%
Oscar Nominations Film % Correct
7The Insider
15.6%
9The Little Foxes
14.8%
8Quo Vadis
14.8%
8The Nun's Story
14.8%
8The Sand Pebbles
13.9%
7Anatomy of a Murder
11.5%
7The Caine Mutiny
10.7%
7Random Harvest
8.2%
7Madame Curie
7.4%
7Come to the Stable
6.6%
7Mutiny on the Bounty
6.6%
7Hawaii
5.7%
7The Talk of the Town
4.9%
7Pepe
4.9%
7Hush...Hush, Sweet Charlotte
4.9%
7The Letter
4.1%

You're not logged in!

Compare scores with friends on all Sporcle quizzes.
Join for Free
OR
Log In

You Might Also Like...

Show Comments

Extras

Top Quizzes Today


Score Distribution

Your Account Isn't Verified!

In order to create a playlist on Sporcle, you need to verify the email address you used during registration. Go to your Sporcle Settings to finish the process.

Report this User

Report this user for behavior that violates our Community Guidelines.

Details: